Mandukyopanishada (Record no. 347213)

MARC details
000 -LEADER
fixed length control field 004460000a22001930004500
005 - DATE AND TIME OF LATEST TRANSACTION
control field 20120302055013.0
040 ## - CATALOGING SOURCE
Original cataloging agency SAN
245 ## - TITLE STATEMENT
Title Mandukyopanishada
260 ## - PUBLICATION, DISTRIBUTION, ETC. (IMPRINT)
Place of publication, distribution, etc Mumbai:Daamodar Saawalaaram,1913.
300 ## - PHYSICAL DESCRIPTION
Extent 417p.
365 ## - TRADE PRICE
Price amount 3/-
490 ## - SERIES STATEMENT
Series statement Sulabha-Puran Granthmaalaa
650 ## - SUBJECT ADDED ENTRY--TOPICAL TERM
Topical term or geographic name as entry element Veda
650 ## - SUBJECT ADDED ENTRY--TOPICAL TERM
Topical term or geographic name as entry element Dharma
650 ## - SUBJECT ADDED ENTRY--TOPICAL TERM
Topical term or geographic name as entry element Upnishada-Maandukya
650 ## - SUBJECT ADDED ENTRY--TOPICAL TERM
Topical term or geographic name as entry element Aagama-Vaitathya
650 ## - SUBJECT ADDED ENTRY--TOPICAL TERM
Topical term or geographic name as entry element Adwaitaakhya-Shanti
942 ## - ADDED ENTRY ELEMENTS (KOHA)
Koha item type Book
Holdings
Withdrawn status Lost status Damaged status Not for loan Home library Current library Date acquired Total Checkouts Barcode Date last seen Price effective from
        Institute For Oriental Study, Thane Institute For Oriental Study, Thane 12/02/2009   IOS-6666 12/02/2009 12/02/2009